000 01047nam a2200277Ia 4500
003 OSt
005 20221005103641.0
006 a|||||r|||| 00| 0
007 ta
008 221004b |||||||| |||| 00| 0 hin d
020 _a9789385450792 (hbk)
_cINR 750.00
024 _a37904
037 _b66, 13/03/2018, P. K. Books
_cTextual
040 _aCRL
_cCRL
_bhin
041 _2hin
_ahin
082 _aO152:g(V2:1), Q7
100 _aशुक्ल, नरेन्द्र, ले.
245 0 _aउपनिवेश अभिव्यक्ति और प्रतिबन्ध
246 _aUpanivesh abhivyakti aur pratibandha
260 _aदिल्ली
_bअनन्य प्रकाशन भारत
_c2017
300 _a400पृ0
_ccm.
650 _a हिन्दी साहित्य
650 _aब्रिटिश काल
942 _hO152:g(V2:1), Q7
_cTEXL
_2cc
999 _c1010507
_d1010507